00918nam a2200241 a 450000100100000000500170001000800410002704000250006804100390009308200130013210000260014524000380017124500850020926000440029430000210033853400610035950500440042050400320046470000370049604900090053395201170054299900170065900002343020200930022220.0101207s1971 mx 001 0 spa d aDO-SdBNPbspacBNPHU17aspaheng2Código de idiomas MARC ann*bnn*1 aWilcox, Clair.94828110aToward social welfare.lEspañol10aHacia la prosperidad sociales /cClair Wilcox ; traducción Francisco J. Perea. aMéxico, D. F. :bLimusa-Wiley,c1971. a446 p. ;c23 cm. aTítulo de la obra en inglés :tToward social welfare0 aIncluye índice de nombres y materias. aBibliografía : 437-438 p.1 aPerea, Francisco J.,etr.941991 aBNGR 001054708MOaGRbGRcCTd2010-12-07iLF1l0onn* nn*p23430-10r2020-06-25w2020-06-25y4ZPréstamo en sala c22927d22927